Designs for coloring (Record no. 30278)

MARC details
000 -LEADER
fixed length control field 00270nam a2200109Ia 4500
082 ## - DEWEY DECIMAL CLASSIFICATION NUMBER
Classification number 07.011
Item number HEL
100 ## - MAIN ENTRY--AUTHOR NAME
Personal name Heller, Ruth
245 #0 - TITLE STATEMENT
Title Designs for coloring
260 ## - PUBLICATION, DISTRIBUTION, ETC. (IMPRINT)
Place of publication New York
Name of publisher Grosser & Dunlop
Year of publication 1976
942 ## - ADDED ENTRY ELEMENTS (KOHA)
Koha item type Books
Holdings
Withdrawn status Lost status Damaged status Not for loan Home library Current library Date acquired Cost, normal purchase price Full call number Accession Number Koha item type
        RRII Library RRII Library 16/12/2021 1.95 07.011 HEL 10852 Books